=LDR 00000nam 2200000 4500 =001 INLIS000000000016512 =005 20200910072155 =035 ##$$a 0010-061300000016512 =008 200910################g##########0#ind## =041 ##$$a Ind =082 ##$$a 2x5.2 =090 ##$$a 2c5.2, Haw p =100 ##$$a Hawwa, Sa'id =245 1#$$a Perjalanan rohani menuju Allah : $b Sebuah konsep tasawuf gerakan islam kontemporer, /$c Sa'id Hawwa =260 ##$$a Solo :$b Era Intermedia,$c 2002. =300 ##$$a ... jil, 24 cm ; $c 23 X 15 cm =650 #4$$a Tasawuf =850 ##$$a NBPNMAT =020 ##$$a 979-9183--89-8 =084 ##$$a 2x5.2 HAW p =250 ##$$a cet.1 =990 ##$$a 1036712